Giambattista Guarini, Il Compendio della Poesia tragicomica [De la poésie tragi-comique], texte présenté, traduit et annoté par Laurence Giavarini, Paris, Honoré Champion, 2008, 416 p. (notice n° 1600474)
[ vue normale ]
| 000 -LEADER | |
|---|---|
| fixed length control field | 00630cam a2200145 4500500 |
| 005 - DATE AND TIME OF LATEST TRANSACTION | |
| control field | 20251228083050.0 |
| 041 ## - LANGUAGE CODE | |
| Language code of text/sound track or separate title | fre |
| 042 ## - AUTHENTICATION CODE | |
| Authentication code | dc |
| 100 10 - MAIN ENTRY--PERSONAL NAME | |
| Personal name | Decroisette, Françoise |
| Relator term | author |
| 245 00 - TITLE STATEMENT | |
| Title | Giambattista Guarini, Il Compendio della Poesia tragicomica [De la poésie tragi-comique], texte présenté, traduit et annoté par Laurence Giavarini, Paris, Honoré Champion, 2008, 416 p. |
| 260 ## - PUBLICATION, DISTRIBUTION, ETC. | |
| Date of publication, distribution, etc. | 2013.<br/> |
| 500 ## - GENERAL NOTE | |
| General note | 13 |
| 786 0# - DATA SOURCE ENTRY | |
| Note | Dix-septième siècle | 258 | 1 | 2013-03-20 | p. 157a-160a | 0012-4273 |
| 856 41 - ELECTRONIC LOCATION AND ACCESS | |
| Uniform Resource Identifier | <a href="https://shs.cairn.info/revue-dix-septieme-siecle-2013-1-page-157a?lang=fr&redirect-ssocas=7080">https://shs.cairn.info/revue-dix-septieme-siecle-2013-1-page-157a?lang=fr&redirect-ssocas=7080</a> |
Pas d'exemplaire disponible.




Réseaux sociaux